| 000 | 00726nam a22002177a 4500 | ||
|---|---|---|---|
| 999 |
_c22486 _d22486 |
||
| 003 | AR-CdUCM | ||
| 008 | 190409b ||||| |||| 00| 0 spa d | ||
| 020 | _a9786123045029 | ||
| 040 |
_aMUNICIPALIDAD PROVINCIAL DEL CUSCO _cBIBLIOTECA MUNICIPAL DEL CUSCO |
||
| 082 |
_a348.3/R3 _bR3 |
||
| 245 | _aReglamento de seguridad y salud ocupacional en minería / | ||
| 260 |
_aLima : _bEmpresa Editora Macro, _c2016. |
||
| 300 |
_a301 páginas : _bilustraciones ; _c17 cm. |
||
| 500 | _a"Decreto Supremo N.° 024-2016-EM. | ||
| 650 |
_aDerecho minero _94035 |
||
| 650 |
_aMinas y recursos minerales _97125 |
||
| 650 |
_aSeguridad industrial _948306 |
||
| 650 |
_aHigiene industrial _948307 |
||
| 942 |
_2ddc _cLIBROS |
||
| 945 | _arac | ||